El lenguaje del cuerpo: cómo leer la mente de los otros a través de sus gestos
Guardado en:
| Autor principal: | |
|---|---|
| Formato: | Libro |
| Lenguaje: | español |
| Publicado: |
Buenos Aires
Sudamericana-Planeta
1986
|
| Materias: | |
| Etiquetas: |
Agregar Etiqueta
Sin Etiquetas, Sea el primero en etiquetar este registro!
|
MARC
| LEADER | 00000nam a2200000 a 4500 | ||
|---|---|---|---|
| 001 | UCQ5688 | ||
| 003 | CL-VaPUC | ||
| 008 | 981002e19860000AG |||||||||||||||||spa|d | ||
| 082 | 0 | 4 | |a 152.32 |b PEA |2 21 |
| 100 | |a Pease, Allan |e autor |9 425804 | ||
| 245 | 1 | 3 | |a El lenguaje del cuerpo: cómo leer la mente de los otros a través de sus gestos |
| 300 | |a 175 p | ||
| 942 | |c BK | ||
| 945 | |d 19981002 00:00:00 |a lriquelm | ||
| 260 | |a Buenos Aires |b Sudamericana-Planeta |c 1986 | ||
| 650 | 0 | |a Comunicación no verbal |9 270761 | |
| 650 | 7 | |a GESTOS |2 CL-VaPUC |9 419724 | |
| 650 | 7 | |a MIRADA |2 CL-VaPUC |9 419725 | |
| 650 | 0 | |a Comunicación |9 257251 | |
| 650 | 0 | |a Aspectos psicológicos |9 258128 | |
| 583 | |a last modification |c 20180502 11:05:42 |k Rodrigo Vera | ||
| 999 | |c 275893 |d 275891 | ||
| 952 | |0 0 |1 0 |4 0 |6 152_320000000000000_PEA_1986 |7 0 |8 A |9 312769 |a FDOPOS |b FDOPOS |d 2019-11-20 |i 2819619 |o 152.32 PEA 1986 |p 2819619 |r 2025-01-22 |w 2019-11-20 |y BK |k MLA | ||